| 000 | 00602nam a22001697a 4500 | ||
|---|---|---|---|
| 999 |
_c60511 _d60511 |
||
| 005 | 20230810113552.0 | ||
| 008 | 230810s2014 enk||||| |||| 00| 0 eng d | ||
| 020 | _a 9789730165654 | ||
| 041 | _aeng | ||
| 080 | _a903(37)+7(37)+008(37) R-75 | ||
| 245 |
_aRoman Art and Civilization--a Common Language in Antiquity: _bCatalogue of the Itinerant Exhibition / _cEditor Mihaela Iacob. |
||
| 264 | _c2014. | ||
| 300 |
_a241 p.: _bill.; _c31 cm. |
||
| 653 | _aრომაული ხელოვნება და ცივილიზაცია | ||
| 700 |
_a Iacob, Mihaela _919648 |
||
| 942 |
_2udc _cBK |
||